000 00964nam a2200301Ia 4500
003 OSt
005 20220928114903.0
006 a|||||r|||| 00| 0
007 ta
008 220927b |||||||| |||| 00| 0 eng d
020 _cUKP 14.99
024 _a141760
037 _b47, 13/12/2019, Capital Book Agency
_cTextual
040 _aSDCL
_cSDCL
_beng
041 _2eng
_aeng
082 _aX61.1'P, P0
100 _aRoubini Nouriel
_9442011
245 0 _aCrisis economics
_b A crash course in the future of finance
260 _aNew Delhi
_bAllen Lane (Penguine Books)
_c2010
300 _ax,353p.
_ccm.
650 _a Financial bubble
_9419743
650 _a Financial crisis
_9442012
650 _a Global financial systems
_9442013
650 _aFinancial Studies
700 _a Mihm Stephen
_9442014
942 _hX61.1'P, P0
_cTEXL
_2CC
999 _c757359
_d757359